Bishwar Buranji Since 1919 (Record no. 5132)

MARC details
000 -LEADER
fixed length control field 00499cam a2200193ua 4500
008 - FIXED-LENGTH DATA ELEMENTS--GENERAL INFORMATION
fixed length control field 131030n ii |||gr||||Z||||||eng
020 ## - INTERNATIONAL STANDARD BOOK NUMBER
International Standard Book Number 81-7339-175-0
040 ## - CATALOGING SOURCE
Transcribing agency MAIN
082 ## - DEWEY DECIMAL CLASSIFICATION NUMBER
Classification number 909
100 ## - MAIN ENTRY--PERSONAL NAME
Personal name Baruah,Prafulla Kr.,
Relator term
245 ## - TITLE STATEMENT
Title Bishwar Buranji Since 1919
Statement of responsibility, etc. bu Prafulla Kr. Baruah
250 ## - EDITION STATEMENT
Remainder of edition statement 1st ed.
260 ## - PUBLICATION, DISTRIBUTION, ETC.
Place of publication, distribution, etc. Dibrugarh:
Name of publisher, distributor, etc. Banalata Publicatons,
Date of publication, distribution, etc. 1997.
300 ## - PHYSICAL DESCRIPTION
Extent 271p.
942 ## - ADDED ENTRY ELEMENTS (KOHA)
Koha item type Books
653 ## - INDEX TERM--UNCONTROLLED
Uncontrolled term World history
653 ## - INDEX TERM--UNCONTROLLED
Uncontrolled term Biswar Buranji Since 1919
Holdings
Withdrawn status Lost status Damaged status Not for loan Home library Current library Shelving location Date acquired Total Checkouts Full call number Barcode Date last seen Date last checked out Copy number Price effective from Koha item type
        Naharkatiya College Library Naharkatiya College Library General Stacks 19/09/2020 1 909 | BAR 3838 25/10/2025 27/09/2025 5 19/09/2020 Books
        Naharkatiya College Library Naharkatiya College Library General Stacks 19/09/2020   909 | BAR 3839 19/09/2020   4 19/09/2020 Books
        Naharkatiya College Library Naharkatiya College Library General Stacks 19/09/2020   909 | BAR 3840 19/09/2020   1 19/09/2020 Books
        Naharkatiya College Library Naharkatiya College Library General Stacks 19/09/2020   909 | BAR 3841 19/09/2020   2 19/09/2020 Books
        Naharkatiya College Library Naharkatiya College Library General Stacks 19/09/2020   909 | BAR 3867 19/09/2020   3 19/09/2020 Books

Naharkatiya College © 2020. All rights reserved.

Powered By